000 00849nam a22002897a 4500
001 BR7600046
003 BR-BrBNA
005 20230928084856.0
007 ta
008 230509b bl.||||| |||| 00| 0 por d
040 _aBR-BrBNA
_bpor
_cBiblioteca Nacional de Agricultura
041 _a(Por)
072 _aE30; E70; F00
_b2290
_b2390
_b/G514
090 _ 2290 BR7600046
100 1 _aRetelbusch, A.
100 1 _aBrilho, R.C.
110 1 _aSecretaria de Estado de Agricultura do Para, Belem (Brasil)
245 1 _aProjeto culturas produtoras de oleos essenciais [Menta; Patchuli; Pogostemon patchouli; Mercado; Brasil]
260 3 _aBelem, PA (Brasil):
_c1975.
300 _a28 p.
650 _aMENTA
650 _aPATCHULI
650 _aMERCADO
650 _aOLEO ESSENCIAL
909 _a202309
_bLucia
_c55
_dLucia Elande
942 _cBK
999 _c21617
_d21617